000 00524nam a2200169Ia 4500
999 _c35963
_d35963
003 OSt
005 20210226115527.0
008 190216s9999||||xx |||||||||||||| ||und||
040 _coclc
082 _a954.83
_bKUR/M
100 _aKurup, K K N
_91879
_d1939- author.
245 0 _aModern Kerala : Studies in Social and Agrarian Relations /
_cK K N Kurup
260 _bMittal Publications,
_c1988.
_aNew Delhi:
300 _a180p
650 _aHistory
942 _cBK
_2ddc
_h954.83
_iKUR/M
_k954.83
_mKUR/M